| 000 | 00639nam a22001817a 4500 | ||
|---|---|---|---|
| 003 | Nust | ||
| 005 | 20241104111251.0 | ||
| 008 | 170216b xxu||||| |||| 00| 0 eng d | ||
| 040 | _cNust-MCE | ||
| 082 | _a200 | ||
| 100 |
_aNaseem Muhammad Khawar _9126725 |
||
| 245 |
_aCharacterization of truck traffic of Pakistan and its comparison with legal load limits of NHA/ _cMuhammad Khawar Naseem |
||
| 260 |
_aRisalpur, _bMCE, _cxiv,79p. |
||
| 650 |
_aMS-Construction Engineering and Management _9126573 |
||
| 700 |
_aSupervisor:Dr. Shahid Iqbal _920110 |
||
| 856 | _uhttp://10.250.8.41:8080/xmlui/handle/123456789/11783 | ||
| 942 |
_cSC _2ddc |
||
| 999 |
_c232279 _d232279 |
||